00519nam a22001577a 450000500170000001000150001702000260003203500140005803700130007208200160008510000180010124500930011926000440021227000800025630000250033620230201153817.0 aENG-136099 a9789351950332c399.00 aEN-119631 bDBAD/PUB a335.4095421 aPrasad, Rohit aBlood red river :ba journey into the heart o India development confit/cby Rohit Prasad aGurgaonbHachette Book Publishingc2016 a4th & 5th Floors, Corporate Center, Plot No. 94, Sector 44bGurgaone122003 axiv,390p.c21cm(pbk)